00596 2200205 4500001002100000005001500021035002000036007000300056008004100059020002200100082001200122084001800134100003000152245007800182250001100260260003100271300002700302650002500329700003600354INLIS00000000000188820250919100336 a0010-0925000004ta250919 d 0 ind  a978-623-522-809-9 a499.221 a499.221 IMA e0 aImam Taufik, S.Pd., M.Pd.1 aErlangga X-Press TKA Bahasa Indonesia SMA/MA /cImam Taufik, S.Pd., M.Pd. aCet. 1 aJakarta :bErlangga,c2025 a100 hlm. ;c21 x 26 cm aTKA Bahasa Indonesia0 aAgung Tri Laksono, S.Pd., M.Pd.